Oracle database 12c SQL

Bibliographic Details
Main Author: Price, Jason
Format: Book
Published: New York : McGraw-Hill Education , 2014
Subjects:

MARC

LEADER 00000cam a2200000 7i4500
001 0000183473
005 20140605.0
020 |a 9780071799355 
090 0 0 |a 005.7585   |b PRI 
100 1 |a Price, Jason 
245 1 0 |a Oracle database 12c SQL   |c Jason Price 
260 |a New York :   |b McGraw-Hill Education ,   |c 2014 
300 |a 660p. ;   |c 23cm. 
650 0 0 |a Oracle (Computer file) 
650 0 0 |a SQL (Computer program language) 
999 |a 00298371   |b BUKU   |c RUJUKAN   |e PERPUSTAKAAN KOMUNITI PETALING JAYA